|
|
|
|
| LEADER |
01203nam a2200241 a 4500 |
| 001 |
GR-Patra17097 |
| 008 |
040315s2002 gr g 000 0 gre d |
| 020 |
|
|
|a 9600420394
|
| 040 |
|
|
|a GrPaTEI
|b gre
|c GR-PaULI
|
| 040 |
|
|
|a GrPaTEI
|b gre
|c GR-PaULI
|
| 082 |
|
0 |
|a 810
|2 21
|
| 245 |
0 |
2 |
|a Η μαύρη καλλονή /
|c Άννα Σιουέλ ; διασκευή: Αγγελική Λάλου ; εικονογράφηση: Θανάσης Τσίτσικας.
|
| 260 |
|
|
|a Αθήνα :
|b Κέδρος,
|c c2002
|
| 300 |
|
|
|a χωρίς αρίθμηση
|
| 490 |
1 |
|
|a Κλασική λογοτεχνία....σαν παραμύθι
|
| 500 |
|
|
|a Το αντίτυπο είναι μόνιμα δανεισμένο στο παιδικό σταθμό του ΤΕΙ Πάτρας
|
| 650 |
|
4 |
|a ΠΑΙΔΙΚΑ ΒΙΒΛΙΑ
|
| 710 |
0 |
|
|a Κέδρος
|
| 830 |
|
0 |
|1 00117098
|1 2001
|a Η κλασική λογοτεχνία....σαν παραμύθι
|
| 942 |
|
|
|2 ddc
|
| 952 |
|
|
|0 0
|1 0
|2 ddc
|4 0
|6 810_000000000000000_SIO
|7 0
|9 296811
|a LISK
|b LISK
|c BSC
|d 2021-01-17
|e 24
|f 1
|g 0.00
|l 0
|o 810 SIO
|p 92410024957
|r 2021-01-17 00:00:00
|t 1
|w 2021-01-17
|y BK15
|x 20040315 0 1
|x GrPaTEI
|
| 971 |
|
|
|a .b26646122
|b 16-04-20
|c 23-09-16
|
| 999 |
|
|
|c 172981
|d 172981
|